Open Data Biblioteca Nacional de Portugal


República Portuguesa: Ministério da Cultura
Biblioteca Nacional de Portugal

Catálogo da BNP: acesso por Identificadores Unívocos
Registos Bibliográficos associados ao registo de autoridade

Etiqueta de registo: 00000nam 2200025 450
001 2283903
003 http://id.bnportugal.gov.pt/bib/catbnp/2283903
100 ## $a20260408d2024 k y0pory01030103ba
101 0# $apor$deng
102 ## $aPT
105 ## $aa m 000yy
106 ## $ar
200 1# $aInfuência da prática pedagógica no perfil profissional de professores licenciados pelo instituto superior de ciências da educação (ISCED) de Benguela$fCláudia Cristina Brandão Bastos da Silva Flora$gorient. José Carlos Morgado
210 #9 $a[S.l.$cs.n.],$d2024
215 ## $aXIV, 444 p.$cil.$d30 cm
328 #1 $aTese dout. Ciências da Educação (Desenvolvimento Curricular), Instituto de Educação, Universidade do Minho, 2024
675 ## $a37.02(673)(043)$vBN$zpor$31516410
675 ## $a378-051(673)(043)$vBN$zpor$31516409
675 ## $a371.13(673)(043)$vBN$zpor$31318266
700 #1 $aFlora,$bCláudia Cristina Brandão Bastos da Silva$31995052
702 #1 $92$aMorgado,$bJosé Carlos$4727$3904491
801 #0 $aPT$bBN$gRPC
966 ## $lBN$mFGMON$sS.C. 169219 V.$x1
971 ## $ccsilva$d20260408
972 ## $e0$z0$d20260529$vasantos
973 ## $ctrodrigues$d20260526

OpendataBNP@bnportugal.pt | Mais informação sobre acesso aos dados BNP